Statistics for Guess The Actor As A Child #2

Click here to take the quiz!

General Stats

  • This quiz has been taken 104 times
  • The average score is 5 of 12

Answer Stats

Answer% Correct
Jennifer Aniston
80%
Emma Stone
71%
Samuel L. Jackson
68%
Natalie Portman
64%
Christian Bale
61%
Jake Gyllenhaal
56%
Andrew Garfield
49%
Rachel McAdams
32%
Cillian Murphy
28%
Bryan Cranston
17%
Johnny Depp
12%
Jim Carrey
11%

Score Distribution

Percentile by Number Answered

Percent of People with Each Score

Your Score History

You have not taken this quiz